000 00446nam a2200133Ia 4500
005 20260209120136.0
008 260209s9999||||xx |||||||||||||| ||und||
100 _aAastha Tandon
245 0 _aIntellectual property asset valuation
260 _aBangaloreBangalore
_bNLSIU
_c2015
300 _a84 p. ; 25 cm.
700 _aProf. (Dr.) T Ramakrishna - GuideProf. (Dr.) T Ramakrishna - Guide
856 _uhttps://dans.nls.ac.in/handle/123456789/1639
999 _c217240
_d217240